Statistics for States Carried By 1876 Candidates

Click here to take the quiz!

General Stats

  • This quiz has been taken 238 times
  • The average score is 19 of 37

Answer Stats

Popular Vote PercentageStatePresidential Candidate% Correct
72.03%GeorgiaSamuel J. Tilden
100%
59.98%AlabamaSamuel J. Tilden
50%
59.92%ArkansasSamuel J. Tilden
50%
50.88%CaliforniaRutherford B. Hayes
50%
50.70%ConnecticutSamuel J. Tilden
50%
55.45%DelawareSamuel J. Tilden
50%
50.99%FloridaRutherford B. Hayes
50%
50.20%IllinoisRutherford B. Hayes
50%
48.65%IndianaSamuel J. Tilden
50%
58.50%IowaRutherford B. Hayes
50%
63.10%KansasRutherford B. Hayes
50%
61.41%KentuckySamuel J. Tilden
50%
51.65%LouisianaRutherford B. Hayes
50%
56.64%MaineRutherford B. Hayes
50%
56.05%MarylandSamuel J. Tilden
50%
57.80%MassachusettsRutherford B. Hayes
50%
52.41%MichiganRutherford B. Hayes
50%
58.80%MinnesotaRutherford B. Hayes
50%
68.08%MississippiSamuel J. Tilden
50%
57.64%MissouriSamuel J. Tilden
50%
64.70%NebraskaRutherford B. Hayes
50%
52.73%NevadaRutherford B. Hayes
50%
51.83%New HampshireRutherford B. Hayes
50%
52.66%New JerseySamuel J. Tilden
50%
51.40%New YorkSamuel J. Tilden
50%
53.62%North CarolinaSamuel J. Tilden
50%
50.21%OhioRutherford B. Hayes
50%
50.92%OregonRutherford B. Hayes
50%
50.62%PennsylvaniaRutherford B. Hayes
50%
59.29%Rhode IslandRutherford B. Hayes
50%
50.24%South CarolinaRutherford B. Hayes
50%
59.79%TennesseeSamuel J. Tilden
50%
70.04%TexasSamuel J. Tilden
50%
68.30%VermontRutherford B. Hayes
50%
59.58%VirginiaSamuel J. Tilden
50%
56.75%West VirginiaSamuel J. Tilden
50%
50.57%WisconsinRutherford B. Hayes
50%

Score Distribution

Percentile by Number Answered

Percent of People with Each Score

Your Score History

You have not taken this quiz